Quizzes
Events
Quiz Creation
Community
Videos
Private Events
Remove Ads
Sign In
Join for FREE
Feedback
Dark Mode
Quiz Categories
Sports
Geography
Music
Movies
Television
Just For Fun
Miscellaneous
History
Literature
Language
Science
Gaming
Entertainment
Religion
Holiday
For Kids
Quiz Lab
Recent
Popular Today
Quiz Kudos Today
Editor Picks
Curator Picks
Quizzes by...
Day
Popularity
Type
Ratings
Length
Year
Community
Subscriptions
Recent Discussions
Orange Saloon
Badges
Playlists
Quests
Create
Leaderboards
Showdown
Live 5
Trivia Bingo
Activity
Puzzle Library
Sporcle Events
Private Events
Virtual Trivia
Globe League
Become a Host
Pub Owners
SporcleCon
Opinionation
Our Games
Videos
Blog
Mobile Apps
Partnerships
Remove Ads and Go Orange
Feedback
Sports
Athletes
MLB
NBA
NHL
NFL
Soccer
Sports Teams
WWE
NCAA
Football
Premier League
Basketball
Baseball
Hockey
Golf
Tennis
Cricket
Rugby
Auto Racing
Olympics
World Cup
Sports
Athletes
MLB
NBA
NHL
NFL
Soccer
Sports Teams
WWE
NCAA
Football
Premier League
Basketball
Baseball
Hockey
Golf
Tennis
Cricket
Rugby
Auto Racing
Olympics
World Cup
Random Quiz
Search Sporcle
×
Quiz Lab
Quiz Lab
Sports
Raw
Type in answers that appear in a list
Type in answers that appear in a list
Classic
Best Score? Go Orange.
Every Wrestler, Diva and Manager on Raw in 2014 Stats
Can you name every Wrestler, Diva and Manager that appeared on Raw in 2014?
By
lukasklages
10m
141 Questions
95 Plays
95 Plays
95 Plays
Comments
Comments
Give Quiz Kudos
Give Quiz Kudos
-
- Ratings
hide this ad
Replay
Link that replays current quiz
Next Quiz
Link to next quiz in quiz playlist
You Got
0%
They Got
Avg Score
42%
Avg Friend Score
Upgrade to see
Score Distribution
Jump to the score distribution portion of the page
Score
0/141
Timer
10:00
0
Plays Today
Hint
Answer
% Correct
Diva
Nikki Bella
87.4%
Diva
Brie Bella
86.3%
Diva
AJ Lee
77.9%
Wrestler
John Cena
75.8%
Diva
Paige
75.8%
Manager
Paige
75.8%
Diva
Naomi
69.5%
Diva
Natalya
69.5%
Manager
Natalya
69.5%
Diva
Summer Rae
68.4%
Diva
Tamina
68.4%
Manager
Summer Rae
68.4%
Manager
Tamina
68.4%
Diva
Alicia Fox
67.4%
Manager
Alicia Fox
67.4%
Diva
Cameron
66.3%
Manager
Cameron
66.3%
Diva
Eva Marie
64.2%
Diva
Stephanie McMahon
64.2%
Manager
Stephanie McMahon
64.2%
Wrestler
Dean Ambrose
62.1%
Manager
Dean Ambrose
62.1%
Wrestler
Dolph Ziggler
60%
Wrestler
Roman Reigns
60%
Wrestler
Kane
58.9%
Wrestler
Triple H
58.9%
Manager
Kane
58.9%
Manager
Triple H
58.9%
Wrestler
Seth Rollins
57.9%
Manager
Seth Rollins
57.9%
Wrestler
Alexander Rusev
56.8%
Wrestler
Antonio Cesaro
56.8%
Wrestler
Big E. Langston
56.8%
Wrestler
Daniel Bryan
56.8%
Manager
Antonio Cesaro
56.8%
Manager
Daniel Bryan
56.8%
Manager
Rusev
56.8%
Wrestler
Randy Orton
55.8%
Wrestler
Titus O'Neil
55.8%
Manager
Randy Orton
55.8%
Wrestler
Big Show
53.7%
Manager
Lana
53.7%
Wrestler
The Miz
52.6%
Wrestler
Kofi Kingston
52.6%
Manager
Kofi Kingston
52.6%
Manager
The Miz
52.6%
Wrestler
Alberto del Rio
51.6%
Hint
Answer
% Correct
Wrestler
Jey Uso
51.6%
Wrestler
Jimmy Uso
51.6%
Diva
Emma
51.6%
Manager
Emma
51.6%
Manager
Jey Uso
51.6%
Manager
Jimmy Uso
51.6%
Wrestler
Sheamus
50.5%
Diva
Aksana
50.5%
Wrestler
CM Punk
49.5%
Diva
Rosa Mendes
49.5%
Manager
Rosa Mendes
49.5%
Wrestler
Cody Rhodes
48.4%
Wrestler
Xavier Woods
48.4%
Manager
Cody Rhodes
48.4%
Manager
Xavier Woods
48.4%
Diva
Layla
47.4%
Manager
Layla
47.4%
Wrestler
Paul Heyman
46.3%
Manager
Paul Heyman
46.3%
Wrestler
Mark Henry
45.3%
Manager
Mark Henry
45.3%
Wrestler
Chris Jericho
44.2%
Wrestler
Zack Ryder
44.2%
Wrestler
Bray Wyatt
44.2%
Manager
Bray Wyatt
44.2%
Wrestler
Fandango
43.2%
Manager
Fandango
43.2%
Wrestler
Batista
42.1%
Wrestler
Jack Swagger
42.1%
Diva
Charlotte
42.1%
Manager
Batista
42.1%
Wrestler
Goldust
41.1%
Wrestler
Luke Harper
41.1%
Manager
Goldust
41.1%
Manager
Luke Harper
41.1%
Wrestler
Bo Dallas
40%
Wrestler
Erick Rowan
40%
Wrestler
Tyson Kidd
40%
Manager
Erick Rowan
40%
Manager
Tyson Kidd
40%
Diva
Vickie Guerrero
37.9%
Wrestler
Ryback
36.8%
Wrestler
Sin Cara
36.8%
Manager
Ryback
36.8%
Wrestler
Bad News Barrett
35.8%
Wrestler
Christian
35.8%
Wrestler
Curtis Axel
35.8%
Hint
Answer
% Correct
Wrestler
R-Truth
35.8%
Manager
Curtis Axel
35.8%
Manager
R-Truth
35.8%
Wrestler
Damien Sandow
34.7%
Manager
Damien Mizdow
34.7%
Wrestler
Adrian Neville
30.5%
Wrestler
Rey Mysterio
30.5%
Wrestler
Justin Gabriel
29.5%
Wrestler
Hornswoggle
28.4%
Manager
Hornswoggle
28.4%
Manager
Zeb Colter
28.4%
Wrestler
El Torito
27.4%
Wrestler
The Great Khali
27.4%
Wrestler
Santino Marella
27.4%
Manager
El Torito
27.4%
Manager
Santino Marella
27.4%
Wrestler
Drew McIntyre
26.3%
Wrestler
Jinder Mahal
26.3%
Wrestler
Sami Zayn
26.3%
Manager
Jinder Mahal
26.3%
Wrestler
Diego
24.2%
Manager
Diego
24.2%
Wrestler
Fernando
23.2%
Manager
Fernando
23.2%
Wrestler
Road Dogg
21.1%
Manager
Road Dogg
21.1%
Wrestler
Konnor
20%
Wrestler
Billly Gunn
18.9%
Wrestler
Viktor
18.9%
Wrestler
Tyler Breeze
18.9%
Manager
Billly Gunn
18.9%
Wrestler
Rob Van Dam
17.9%
Wrestler
Heath Slater
16.8%
Wrestler
Jamie Noble
16.8%
Wrestler
Joey Mercury
16.8%
Manager
Heath Slater
16.8%
Manager
Jamie Noble
16.8%
Manager
Joey Mercury
16.8%
Manager
Aaron Paul
13.7%
Manager
Hulk Hogan
12.6%
Wrestler
The Bunny
9.5%
Manager
The Bunny
9.5%
Wrestler
Grandmaster Sexay
5.3%
Wrestler
Scotty 2 Hotty
5.3%
Wrestler
Rikishi
5.3%
Manager
Ranjin Sigh
3.2%
Manager
NeNe Leakes
1.1%
Quiz Playlist
Details
Report
Send in Message
Add To Playlist
Classic:
Type in answers that appear in a list
Last Updated: Feb 16, 2017
Quiz Scoreboard
CHALLENGE
Sign Up to Join the Scoreboard
Show All
Scores
Hide
Comments
May contain spoilers
Recently Published
Billboard Blitz: Fleetwood Mac
by CooCooCachoo
Music
15s
Presidents Visiting Landmarks
by Hejman
History
7m
An Introduction to Baseball
by treessimontrees
Sports
5m
More to Explore
Quiz From the Vault
Featured Blog Post
Where Did the Easter Bunny Come From?
hide this ad
You Might Also Like...
Tags
2014
Diva
Manager
Raw
Today's Top Quizzes in Sports
Browse Sports
hide this ad
Today's Top Quizzes in Raw
Browse Raw
Top Contributed Quizzes in Sports
1
Les meilleurs buteurs des matchs entre le PSG et l’OM
2
2022 World Cup Stars
3
FIFA Club World Cup Champions
4
Les entraîneurs de l'OM et du PSG au 21e siècle
5
Name the Premier League winners with different clubs
6
5-to-1: UK Sports Teams
7
La finale Lions - Afrique du Sud 2021
8
Criteria MLB: Left Handed Sluggers
9
AFC Teams Reveal (Wrong Answers Minefield)
10
England Test cricketers to play under Nasser Hussain
Explore More
Trending Topics
Crossword
Kpop
Anime
NBA
Marvel
Harry Potter
Disney
NFL
Country
Pokémon
Puzzle
Soccer
WWE
Song
The Office
hide this ad
More By:
lukasklages
Quiz
Plays
Rating
Category
Featured
Created
All English International Footballers since 2000
5,460
4.86
Sports
Jan 5, 2021
All French International Footballers since 2000
3,685
5.00
Sports
Mar 17, 2021
All Brazilian International Footballers since 2000
3,133
5.00
Sports
May 15, 2021
1000 Most Populous Towns and Cities in the UK
3,117
4.78
Geography
Jan 2, 2018
All Spanish International Footballers since 2000
2,976
5.00
Sports
Mar 8, 2021
Go to Creator's Profile
Score Distribution
Quiz Creator Spotlight
lukasklages
Follow
Send a Message
Quizzes Created
-
Created Quiz Play Count
-
More By This Creator
Popular Quizzes Today
1
Find the US States - No Outlines Minefield
2
Find the Countries of Europe - No Outlines Minefield
3
The Countries of the World
4
Find the US States
5
Popular People in 1961
6
US States
7
Risky Map Clicking: Biggest States A-Z
8
Movies - When Are They Set?
More Sports Quizzes
Every Club Cristiano Ronaldo Has Scored Against
Quiz Lab
Trending Quizzes
Risky Map Clicking: Least Populous States A-Z
1-10 Letter G Words
1-10 Letter F Words
Risky Map Clicking: Next State Alphabetically
'A' Boys' Names Grid
Recently Updated
Leaping Animals
pecheneg
Reality TV Shows (A-Z)
bhenderson79
Rickey Henderson's Hall of Fame Teammates
pecheneg
Champions League XIs: Arsenal
pecheneg
Quick Pick: Celebrities in WWE's Hall of Fame
aduchscher
A-Z Keypad Blitz II
pecheneg
Multiple Oscar Actors
pecheneg
Mystery Phrase Blitz: Oscar 'Best Actors'
pecheneg
F. Scott Fitzgerald Novels
LTH
Pick 3 Villains
ddd62291
Trending Topics
Harry Potter
Anime
Marvel
Disney
Kpop
NBA
Crossword
Song
Soccer
Puzzle
Country
Pokémon
NFL
The Office
WWE
Your Account Isn't Verified!
In order to create a playlist on Sporcle, you need to verify the email address you used during registration. Go to your
Sporcle Settings
to finish the process.
Report this User
Report this user for behavior that violates our
Community Guidelines
.
Details:
Send Report
Go to the Sporcle.com Mobile Site →
Comments